[Event "VL18/19"]
[Site "Mecklenburg-Vorpommern"]
[Date "2018.11.25"]
[Round "3.5"]
[White "Schulz, Bernd"]
[Black "Ehlers, Michael"]
[Result "0-1"]
[WhiteElo "1846"]
[BlackElo "1850"]
[PlyCount "92"]
[EventDate "2018.??.??"]
[EventType "team-tourn"]
[EventRounds "9"]
[EventCountry "GER"]
[WhiteTeam "Gruen-Weiss Wismar"]
[BlackTeam "SAV Torgelow"]
[WhiteTeamCountry "GER"]
[BlackTeamCountry "GER"]

1. e4 c5 2. Nf3 Nc6 3. d4 cxd4 4. Nxd4 Nf6 5. Nc3 e5 6. Nxc6 bxc6 7. Bd3 Bb4 8.
O-O O-O 9. Bg5 h6 10. Bh4 Re8 11. Qe2 Bf8 12. Bc4 d6 13. Rad1 Rb8 14. Bb3 Be6
15. Kh1 Qe7 16. Rd3 g5 17. Bg3 Nd7 18. f3 Nc5 19. Rd2 Nxb3 20. axb3 Qc7 21. Ra1
f5 22. Bf2 Rb7 23. Ra6 Kh7 24. exf5 Bxf5 25. Qc4 Rc8 26. Qa4 d5 27. Rxa7 Rxa7
28. Qxa7 Qxa7 29. Bxa7 Ra8 30. Bg1 Ra1 31. g4 Bg6 32. Ne2 Rb1 33. c3 e4 34. Kg2
Bd6 35. fxe4 Bxe4+ 36. Kf2 Bc5+ 37. Nd4 Kg6 38. h3 Bb6 39. Bh2 Rh1 40. Ke3 c5
41. Nf3 c4+ 42. Nd4 cxb3 43. Rf2 Rd1 44. Rd2 Rb1 45. Ke2 Bxd4 46. cxd4 Bc2 0-1

[Event "VL18/19"]
[Site "Mecklenburg-Vorpommern"]
[Date "2018.11.25"]
[Round "3.6"]
[White "Bress, Aaron"]
[Black "Podolskiy, Alexander"]
[Result "0-1"]
[WhiteElo "1831"]
[BlackElo "1823"]
[PlyCount "88"]
[EventDate "2018.??.??"]
[EventType "team-tourn"]
[EventRounds "9"]
[EventCountry "GER"]
[WhiteTeam "SAV Torgelow"]
[BlackTeam "Gruen-Weiss Wismar"]
[WhiteTeamCountry "GER"]
[BlackTeamCountry "GER"]

1. e4 e5 2. Nf3 d6 3. d4 exd4 4. Nxd4 Nf6 5. Nc3 Be7 6. Be2 O-O 7. O-O Bd7 8.
f4 Nc6 9. Kh1 Nxd4 10. Qxd4 Bc6 11. Bf3 Re8 12. Bd2 Nd7 13. Nd5 Bf6 14. Nxf6+
Qxf6 15. Qc4 Nb6 16. Qd3 Qe6 17. Rae1 Qc4 18. Bc3 Qxd3 19. cxd3 Bb5 20. Re3 Nd5
21. Ree1 Nxf4 22. Rd1 Bxd3 23. Rfe1 Ba6 24. Kg1 Re7 25. Rd4 Rae8 26. a4 Ne6 27.
Rdd1 Nc5 28. Rd4 f5 29. e5 Nd3 30. Rd1 Nxe5 31. Bd5+ Kf8 32. b4 b6 33. Rf4 Bc8
34. Rdf1 g5 35. R4f2 Kg7 36. g3 Kg6 37. h4 Ng4 38. Rf3 Ne3 39. Rxe3 Rxe3 40.
h5+ Kh6 41. Bd2 Rxg3+ 42. Kh1 Rd3 43. Bc6 Re2 44. Bc1 Rc3 0-1

[Event "VL18/19"]
[Site "Mecklenburg-Vorpommern"]
[Date "2018.11.25"]
[Round "3.7"]
[White "Borchert, Ulf"]
[Black "Troemer, Felix"]
[Result "1/2-1/2"]
[WhiteElo "1790"]
[BlackElo "1808"]
[PlyCount "75"]
[EventDate "2018.??.??"]
[EventType "team-tourn"]
[EventRounds "9"]
[EventCountry "GER"]
[WhiteTeam "Gruen-Weiss Wismar"]
[BlackTeam "SAV Torgelow"]
[WhiteTeamCountry "GER"]
[BlackTeamCountry "GER"]

1. d4 Nf6 2. Nf3 e6 3. Bg5 Be7 4. e3 O-O 5. Bd3 c5 6. c3 cxd4 7. exd4 Nc6 8.
O-O Nd5 9. Bxe7 Qxe7 10. Re1 Nf4 11. Bf1 Qf6 12. g3 Ng6 13. Nbd2 Qd8 14. Nc4 d5
15. Nce5 Ncxe5 16. Nxe5 Nxe5 17. dxe5 Bd7 18. Qd4 Qc7 19. Bd3 f5 20. f4 Rac8
21. Rec1 Qc5 22. Kf2 Qa5 23. Qb4 Qxb4 24. cxb4 Kf7 25. Ke3 Ke7 26. Rc3 Rc6 27.
Rac1 Rfc8 28. Kd2 Kd8 29. b5 R6c7 30. a4 g6 31. Be2 h5 32. h3 b6 33. g4 hxg4
34. hxg4 Rxc3 35. bxc3 fxg4 36. Rg1 Ke7 37. Rxg4 Kf7 38. Bd3 1/2-1/2

[Event "VL18/19"]
[Site "Mecklenburg-Vorpommern"]
[Date "2018.11.25"]
[Round "3.8"]
[White "Grossmann, Piet"]
[Black "Wagner, Bernd"]
[Result "1/2-1/2"]
[WhiteElo "1688"]
[BlackElo "1754"]
[PlyCount "62"]
[EventDate "2018.??.??"]
[EventType "team-tourn"]
[EventRounds "9"]
[EventCountry "GER"]
[WhiteTeam "SAV Torgelow"]
[BlackTeam "Gruen-Weiss Wismar"]
[WhiteTeamCountry "GER"]
[BlackTeamCountry "GER"]

1. e4 c6 2. d4 d5 3. exd5 cxd5 4. Bd3 Nf6 5. h3 Nc6 6. c3 e6 7. Bf4 Bd6 8. Bxd6
Qxd6 9. Nf3 Bd7 10. O-O O-O-O 11. Re1 h6 12. Ne5 Rhf8 13. b4 Ne8 14. Nd2 Nxe5
15. dxe5 Qe7 16. b5 f6 17. Qa4 Kb8 18. Nf3 Qc5 19. Qd4 Rc8 20. Rac1 Bxb5 21.
Bxb5 Qxb5 22. exf6 Rxf6 23. Ne5 Nd6 24. Rb1 Qe8 25. Qb4 Qe7 26. Rb2 Qc7 27.
Reb1 Rf5 28. Nf3 Qc5 29. Qa4 Rc7 30. Qg4 Re7 31. Nd4 Rf6 1/2-1/2

[Event "VL18/19"]
[Site "Mecklenburg-Vorpommern"]
[Date "2018.11.25"]
[Round "3.1"]
[White "Luethke, Hans Eckart"]
[Black "Pererva, Viktor"]
[Result "1-0"]
[WhiteElo "2100"]
[BlackElo "2080"]
[PlyCount "97"]
[EventDate "2018.??.??"]
[EventType "team-tourn"]
[EventRounds "9"]
[EventCountry "GER"]
[WhiteTeam "Graal-Mueritz"]
[BlackTeam "SSC Rostock"]
[WhiteTeamCountry "GER"]
[BlackTeamCountry "GER"]

1. e4 e5 2. Nf3 Nc6 3. d4 exd4 4. Nxd4 Nf6 5. Nxc6 bxc6 6. e5 Qe7 7. Qe2 Nd5 8.
h4 d6 9. c4 Nb6 10. exd6 Qxe2+ 11. Bxe2 cxd6 12. Nc3 Be6 13. b3 d5 14. cxd5 Bb4
15. Bd2 Nxd5 16. Nxd5 Bxd2+ 17. Kxd2 Bxd5 18. f3 a5 19. Rhe1 Kd7 20. Kc3 Rhe8
21. Rad1 Kd6 22. Bd3 h6 23. Bc4 f6 24. Re4 Kc5 25. Red4 Re3+ 26. Kb2 Bxc4 27.
Rxc4+ Kb6 28. Rd7 Re2+ 29. Rc2 Rxc2+ 30. Kxc2 g5 31. h5 Re8 32. Kd2 Re6 33. Rg7
Rd6+ 34. Ke2 Kc5 35. g4 Kb4 36. Rg6 Ka3 37. Rxh6 Kxa2 38. Rg6 Kxb3 39. h6 Rd8
40. Rxf6 a4 41. Rxc6 a3 42. Rb6+ Kc2 43. Ra6 Kb2 44. f4 gxf4 45. g5 a2 46. h7
Rh8 47. g6 a1=Q 48. Rxa1 Kxa1 49. Kf3 1-0

[Event "VL18/19"]
[Site "Mecklenburg-Vorpommern"]
[Date "2018.11.25"]
[Round "3.2"]
[White "Meuer, Martin"]
[Black "Jansen, Andreas"]
[Result "1/2-1/2"]
[WhiteElo "2116"]
[BlackElo "2056"]
[PlyCount "55"]
[EventDate "2018.??.??"]
[EventType "team-tourn"]
[EventRounds "9"]
[EventCountry "GER"]
[WhiteTeam "SSC Rostock"]
[BlackTeam "Graal-Mueritz"]
[WhiteTeamCountry "GER"]
[BlackTeamCountry "GER"]

1. d4 g6 2. Nf3 Bg7 3. Bf4 d6 4. e3 c6 5. c4 Nf6 6. h3 Ne4 7. Nbd2 Nxd2 8. Qxd2
Nd7 9. Bg3 O-O 10. a3 Nf6 11. Bd3 b5 12. cxb5 cxb5 13. O-O a6 14. Qe2 Bb7 15.
a4 Qb6 16. Rfc1 Be4 17. Nd2 Bxd3 18. Qxd3 Rfc8 19. Qb3 Rxc1+ 20. Rxc1 Qa5 21.
Qc3 Qxc3 22. bxc3 Rc8 23. axb5 axb5 24. Rb1 Nd5 25. Rxb5 Nxc3 26. Rb7 Ne2+ 27.
Kh2 Nxg3 28. Kxg3 1/2-1/2

[Event "VL18/19"]
[Site "Mecklenburg-Vorpommern"]
[Date "2018.11.25"]
[Round "3.3"]
[White "Van Bentum, Horst"]
[Black "Tin, Sergey"]
[Result "1-0"]
[WhiteElo "1945"]
[BlackElo "2008"]
[PlyCount "71"]
[EventDate "2018.??.??"]
[EventType "team-tourn"]
[EventRounds "9"]
[EventCountry "GER"]
[WhiteTeam "Graal-Mueritz"]
[BlackTeam "SSC Rostock"]
[WhiteTeamCountry "GER"]
[BlackTeamCountry "GER"]

1. e4 e5 2. Nf3 Nc6 3. Bc4 Nf6 4. d3 Bc5 5. c3 O-O 6. O-O d6 7. a4 a5 8. Re1
Be6 9. Bxe6 fxe6 10. d4 exd4 11. cxd4 Bb4 12. Bd2 Ra6 13. Bxb4 axb4 14. Nbd2 d5
15. e5 Nd7 16. Nf1 Qe7 17. b3 Na5 18. Rb1 b6 19. Qd3 Raa8 20. N1d2 c5 21. Rec1
Rac8 22. Qb5 Nc6 23. a5 Na7 24. Qa6 Nb8 25. Qd3 bxa5 26. Ra1 cxd4 27. Nxd4 Nbc6
28. N2f3 g6 29. h4 Qd7 30. Qa6 Rf4 31. Nxc6 Nxc6 32. Rxa5 Nxa5 33. Rxc8+ Kg7
34. Ng5 Rf5 35. Nxe6+ Kh6 36. Nc5 1-0

[Event "VL18/19"]
[Site "Mecklenburg-Vorpommern"]
[Date "2018.11.25"]
[Round "3.4"]
[White "Hodl, Ingolf"]
[Black "Moritz, Hartmut"]
[Result "1/2-1/2"]
[WhiteElo "1855"]
[BlackElo "1917"]
[PlyCount "54"]
[EventDate "2018.??.??"]
[EventType "team-tourn"]
[EventRounds "9"]
[EventCountry "GER"]
[WhiteTeam "SSC Rostock"]
[BlackTeam "Graal-Mueritz"]
[WhiteTeamCountry "GER"]
[BlackTeamCountry "GER"]

1. g3 e5 2. Nf3 e4 3. Nd4 Nc6 4. Nxc6 bxc6 5. Bg2 f5 6. d3 Nf6 7. Bg5 d5 8.
dxe4 fxe4 9. O-O Ba6 10. a3 h6 11. Bxf6 Qxf6 12. Nc3 Rd8 13. Qd2 Bc5 14. Na4
Qd4 15. Qxd4 Bxd4 16. Rfd1 Be5 17. e3 Bb5 18. Nc3 Bc4 19. Bf1 Bxf1 20. Kxf1
Bxc3 21. bxc3 Ke7 22. Rab1 Rb8 23. c4 Ke6 24. Rb4 Rb6 25. cxd5+ cxd5 26. c4 c6
27. cxd5+ cxd5 1/2-1/2

[Event "VL18/19"]
[Site "Mecklenburg-Vorpommern"]
[Date "2018.11.25"]
[Round "3.5"]
[White "Simcaks, Sergejs"]
[Black "Hingst, Silke"]
[Result "1/2-1/2"]
[WhiteElo "1867"]
[BlackElo "1844"]
[PlyCount "118"]
[EventDate "2018.??.??"]
[EventType "team-tourn"]
[EventRounds "9"]
[EventCountry "GER"]
[WhiteTeam "Graal-Mueritz"]
[BlackTeam "SSC Rostock"]
[WhiteTeamCountry "GER"]
[BlackTeamCountry "GER"]

1. e4 c5 2. Nf3 d6 3. d4 cxd4 4. Nxd4 Nf6 5. Nc3 a6 6. Bc4 e6 7. Bb3 b5 8. a3
Bb7 9. O-O Be7 10. Bxe6 fxe6 11. Nxe6 Qd7 12. Nxg7+ Kd8 13. Qd4 Nc6 14. Qb6+
Kc8 15. Nf5 Bd8 16. Qe3 Ne7 17. Nxe7+ Bxe7 18. Qd4 Rg8 19. f3 Kc7 20. Be3 Qc6
21. a4 Qc5 22. Qxc5+ dxc5 23. axb5 a5 24. Na4 Nd7 25. Bf4+ Bd6 26. Bxd6+ Kxd6
27. Rad1+ Kc7 28. c4 Ne5 29. b3 Nd7 30. Kf2 Raf8 31. Rfe1 Rg5 32. g3 Rf6 33.
Nc3 Rh5 34. Kg2 Nb6 35. Re3 Bc8 36. e5 Rg6 37. Nd5+ Nxd5 38. Rxd5 Kb6 39. e6
Rxd5 40. cxd5 Kxb5 41. f4 Bb7 42. e7 Bxd5+ 43. Kf2 Bc6 44. e8=Q Bxe8 45. Rxe8
Rb6 46. Re4 Rd6 47. f5 Rf6 48. g4 Kc6 49. Ke3 Kd7 50. Kd3 Rb6 51. Kc3 Rh6 52.
Re2 Rh3+ 53. Kc4 Rf3 54. Kxc5 Rxb3 55. Ra2 h5 56. g5 Rf3 57. Rxa5 Rxf5+ 58. Kb4
Rxa5 59. Kxa5 h4 1/2-1/2

[Event "VL18/19"]
[Site "Mecklenburg-Vorpommern"]
[Date "2018.11.25"]
[Round "3.6"]
[White "Hartzendorf, Jonathan"]
[Black "Jeske, Holger"]
[Result "1/2-1/2"]
[WhiteElo "1773"]
[BlackElo "1820"]
[PlyCount "50"]
[EventDate "2018.??.??"]
[EventType "team-tourn"]
[EventRounds "9"]
[EventCountry "GER"]
[WhiteTeam "SSC Rostock"]
[BlackTeam "Graal-Mueritz"]
[WhiteTeamCountry "GER"]
[BlackTeamCountry "GER"]

1. c4 f5 2. Nf3 d6 3. d4 Nf6 4. Nc3 c6 5. g3 Qc7 6. Bg2 e5 7. O-O Be7 8. c5 e4
9. cxd6 Bxd6 10. Ne5 Be6 11. f4 O-O 12. b3 Rd8 13. e3 Nbd7 14. Qe2 Nb6 15. Bb2
Qe7 16. Rfd1 a5 17. Nc4 Bc7 18. Ba3 Qf7 19. Nxb6 Bxb6 20. Na4 Ba7 21. Rac1 b5
22. Nc5 b4 23. Bb2 Bd5 24. Bh3 g6 25. Na4 h5 1/2-1/2

[Event "VL18/19"]
[Site "Mecklenburg-Vorpommern"]
[Date "2018.11.25"]
[Round "3.7"]
[White "Schulz, Wolf Detlef"]
[Black "Schulze, Christoph"]
[Result "1-0"]
[WhiteElo "1782"]
[BlackElo "1641"]
[PlyCount "69"]
[EventDate "2018.??.??"]
[EventType "team-tourn"]
[EventRounds "9"]
[EventCountry "GER"]
[WhiteTeam "Graal-Mueritz"]
[BlackTeam "SSC Rostock"]
[WhiteTeamCountry "GER"]
[BlackTeamCountry "GER"]

1. e4 d6 2. d4 Nf6 3. Nc3 c6 4. Bg5 Nbd7 5. Nf3 Qa5 6. Bd2 Qc7 7. Bc4 Nb6 8.
Bb3 Bg4 9. h3 Bh5 10. Qe2 e5 11. g4 Bg6 12. O-O-O O-O-O 13. Bg5 Be7 14. d5 c5
15. Nb5 Qb8 16. Bxf6 Bxf6 17. a4 a6 18. Na3 Nd7 19. Bc4 Be7 20. Rd3 h5 21. Nd2
Bg5 22. h4 Bf4 23. Rb3 Qa7 24. a5 Nf6 25. g5 Nxe4 26. Nab1 f6 27. gxf6 gxf6 28.
Kd1 Nxd2 29. Nxd2 Kc7 30. Rb6 Bf5 31. Ne4 Bxe4 32. Qxe4 Rd7 33. Qf5 Qb8 34.
Bxa6 Qe8 35. Rxb7+ 1-0

[Event "VL18/19"]
[Site "Mecklenburg-Vorpommern"]
[Date "2018.11.25"]
[Round "3.8"]
[White "Kallweit, Paul"]
[Black "Schumann, Lutz"]
[Result "1/2-1/2"]
[WhiteElo "1740"]
[BlackElo "1756"]
[PlyCount "73"]
[EventDate "2018.??.??"]
[EventType "team-tourn"]
[EventRounds "9"]
[EventCountry "GER"]
[WhiteTeam "SSC Rostock"]
[BlackTeam "Graal-Mueritz"]
[WhiteTeamCountry "GER"]
[BlackTeamCountry "GER"]

1. Nf3 Nf6 2. d4 g6 3. c4 Bg7 4. Nc3 d6 5. e3 O-O 6. Be2 Nc6 7. d5 Nb4 8. a3
Na6 9. Nd4 e5 10. dxe6 fxe6 11. O-O e5 12. Nb3 Be6 13. e4 Qd7 14. h3 Qf7 15.
Nd2 c6 16. Qc2 Rac8 17. Nf3 h6 18. Nh4 Bxc4 19. Bxc4 Qxc4 20. Nxg6 Rf7 21. Nh4
Nc5 22. f3 Nb3 23. Rb1 Nxc1 24. Rbxc1 Qe6 25. Rfd1 Rd8 26. Qf2 Nh5 27. Nf5 Bf8
28. Qh4 Nf6 29. Nxh6+ Bxh6 30. Qxh6 Rg7 31. Qh4 Kf7 32. g4 Rdg8 33. Kf2 Rh7 34.
Qg3 Nh5 35. Qh4 Nf6 36. Qg3 Nh5 37. Qh4 1/2-1/2

[Event "VL18/19"]
[Site "Mecklenburg-Vorpommern"]
[Date "2018.12.16"]
[Round "4.1"]
[White "Luethke, Hans Eckart"]
[Black "Schulz, Karsten"]
[Result "1/2-1/2"]
[WhiteElo "2100"]
[BlackElo "2227"]
[PlyCount "25"]
[EventDate "2018.??.??"]
[EventType "team-tourn"]
[EventRounds "9"]
[EventCountry "GER"]
[WhiteTeam "Graal-Mueritz"]
[BlackTeam "SF Schwerin II"]
[WhiteTeamCountry "GER"]
[BlackTeamCountry "GER"]

1. e4 g6 2. d4 Bg7 3. Nc3 d6 4. Bg5 a6 5. Qd2 b5 6. a3 Nd7 7. Nf3 c5 8. Be2
cxd4 9. Nxd4 Bb7 10. O-O Ngf6 11. f3 O-O 12. Rfd1 Re8 13. Bh6 1/2-1/2

[Event "VL18/19"]
[Site "Mecklenburg-Vorpommern"]
[Date "2018.12.16"]
[Round "4.2"]
[White "Grahl, Arvid"]
[Black "Jansen, Andreas"]
[Result "1/2-1/2"]
[WhiteElo "2100"]
[BlackElo "2056"]
[PlyCount "80"]
[EventDate "2018.??.??"]
[EventType "team-tourn"]
[EventRounds "9"]
[EventCountry "GER"]
[WhiteTeam "SF Schwerin II"]
[BlackTeam "Graal-Mueritz"]
[WhiteTeamCountry "GER"]
[BlackTeamCountry "GER"]

1. d4 g6 2. c4 Bg7 3. Nc3 d6 4. e4 c6 5. f4 Qc7 6. Nf3 e6 7. Be3 Ne7 8. Bd3 Nd7
9. O-O O-O 10. Qe1 Re8 11. Qh4 f5 12. e5 d5 13. Rac1 Qd8 14. b3 Nf8 15. h3 Bd7
16. g4 Nc8 17. Qg3 Ne7 18. Kh2 b6 19. Rg1 Rb8 20. Nh4 a6 21. gxf5 exf5 22. cxd5
cxd5 23. Nf3 b5 24. Rc2 b4 25. Ne2 Qb6 26. Qh4 Bb5 27. Bxb5 Qxb5 28. Rgc1 Rbc8
29. Qe1 Rxc2 30. Rxc2 Ne6 31. Qd2 Rc8 32. Rxc8+ Nxc8 33. Ne1 Nb6 34. Nd3 Bf8
35. Qc2 a5 36. Kg2 Nd7 37. Kf3 Qb7 38. Bf2 Be7 39. Nb2 Nb6 40. Nc1 Qd7 1/2-1/2

[Event "VL18/19"]
[Site "Mecklenburg-Vorpommern"]
[Date "2018.12.16"]
[Round "4.3"]
[White "Van Bentum, Horst"]
[Black "Hasselmann, Dieter"]
[Result "1/2-1/2"]
[WhiteElo "1945"]
[BlackElo "2075"]
[PlyCount "30"]
[EventDate "2018.??.??"]
[EventType "team-tourn"]
[EventRounds "9"]
[EventCountry "GER"]
[WhiteTeam "Graal-Mueritz"]
[BlackTeam "SF Schwerin II"]
[WhiteTeamCountry "GER"]
[BlackTeamCountry "GER"]

1. e4 c6 2. Nc3 d5 3. Qf3 d4 4. Bc4 Nf6 5. e5 Nbd7 6. exf6 Ne5 7. Qe2 Nxc4 8.
fxg7 Bxg7 9. Qxc4 dxc3 10. dxc3 Be6 11. Qb4 Qd5 12. Nf3 O-O-O 13. Be3 b6 14.
Qxe7 Rd7 15. Qg5 f5 1/2-1/2

[Event "VL18/19"]
[Site "Mecklenburg-Vorpommern"]
[Date "2018.12.16"]
[Round "4.4"]
[White "Westphal, Wolfgang"]
[Black "Moritz, Hartmut"]
[Result "1-0"]
[WhiteElo "2075"]
[BlackElo "1917"]
[PlyCount "101"]
[EventDate "2018.??.??"]
[EventType "team-tourn"]
[EventRounds "9"]
[EventCountry "GER"]
[WhiteTeam "SF Schwerin II"]
[BlackTeam "Graal-Mueritz"]
[WhiteTeamCountry "GER"]
[BlackTeamCountry "GER"]

1. e4 e6 2. Nf3 d5 3. e5 c5 4. b4 b6 5. c3 Ne7 6. a3 Nbc6 7. d4 Nf5 8. Be3 cxd4
9. cxd4 Bd7 10. Qd2 Rc8 11. Bd3 Nxe3 12. Qxe3 a5 13. b5 Ne7 14. O-O Nf5 15. Qd2
Nh4 16. Nxh4 Qxh4 17. f4 Be7 18. Nc3 g5 19. g3 Qg4 20. Be2 Qh3 21. f5 h5 22.
Nd1 h4 23. fxe6 Bxe6 24. Nf2 Qf5 25. Qe3 hxg3 26. hxg3 Qh7 27. Rfc1 Qh2+ 28.
Kf1 Rxc1+ 29. Rxc1 Bh3+ 30. Ke1 Bxa3 31. Qxa3 Qg1+ 32. Kd2 Qxf2 33. Qd6 Qxd4+
34. Ke1 Bd7 35. Qb8+ Ke7 36. Qxh8 Qg1+ 37. Kd2 Qd4+ 38. Bd3 Qf2+ 39. Kc3 d4+
40. Kb3 Be6+ 41. Bc4 Bxc4+ 42. Rxc4 Qf3+ 43. Kb2 Qe2+ 44. Rc2 Qxb5+ 45. Ka2
Qa4+ 46. Kb1 Qb4+ 47. Rb2 Qe1+ 48. Ka2 Qc3 49. Qf6+ Ke8 50. Qxb6 Qc4+ 51. Qb3
1-0

[Event "VL18/19"]
[Site "Mecklenburg-Vorpommern"]
[Date "2018.12.16"]
[Round "4.5"]
[White "Simcaks, Sergejs"]
[Black "Roehl, Rainer"]
[Result "0-1"]
[WhiteElo "1867"]
[BlackElo "2006"]
[PlyCount "52"]
[EventDate "2018.??.??"]
[EventType "team-tourn"]
[EventRounds "9"]
[EventCountry "GER"]
[WhiteTeam "Graal-Mueritz"]
[BlackTeam "SF Schwerin II"]
[WhiteTeamCountry "GER"]
[BlackTeamCountry "GER"]

1. e4 c5 2. Nf3 g6 3. d4 cxd4 4. Qxd4 Nf6 5. e5 Nc6 6. Qh4 Nd5 7. Bh6 d6 8.
Bxf8 Kxf8 9. Bc4 Nb6 10. Bb3 Nxe5 11. Nxe5 dxe5 12. Nc3 Bd7 13. O-O Qc7 14. a4
Bc6 15. Nb5 Bxb5 16. axb5 h5 17. Rfd1 Rd8 18. Rxd8+ Qxd8 19. Qe4 Qb8 20. c4 e6
21. c5 Nd7 22. Qc4 Kg7 23. c6 bxc6 24. bxc6 Rc8 25. h3 Nb6 26. Bd1 Nxc4 0-1

[Event "VL18/19"]
[Site "Mecklenburg-Vorpommern"]
[Date "2018.12.16"]
[Round "4.6"]
[White "Kutschke, Peter"]
[Black "Schulz, Wolf Detlef"]
[Result "1/2-1/2"]
[WhiteElo "1941"]
[BlackElo "1782"]
[PlyCount "51"]
[EventDate "2018.??.??"]
[EventType "team-tourn"]
[EventRounds "9"]
[EventCountry "GER"]
[WhiteTeam "SF Schwerin II"]
[BlackTeam "Graal-Mueritz"]
[WhiteTeamCountry "GER"]
[BlackTeamCountry "GER"]

1. e4 e5 2. d4 exd4 3. Qxd4 Nc6 4. Qe3 Nb4 5. Bd3 Nxd3+ 6. cxd3 Bb4+ 7. Nc3 Ne7
8. Qd4 Bxc3+ 9. Qxc3 O-O 10. Bg5 f6 11. Bf4 d6 12. Rc1 Ng6 13. Be3 Rf7 14. Qb3
c6 15. Ne2 Qe8 16. O-O Be6 17. Qa3 d5 18. Nd4 f5 19. Qd6 Bd7 20. exf5 Bxf5 21.
Nxf5 Rxf5 22. Rfe1 Qe5 23. Qb4 Rh5 24. h3 Qc7 25. Qg4 Rh4 26. Qe6+ 1/2-1/2

[Event "VL18/19"]
[Site "Mecklenburg-Vorpommern"]
[Date "2018.12.16"]
[Round "4.7"]
[White "Schumann, Lutz"]
[Black "Helms, Sven"]
[Result "0-1"]
[WhiteElo "1756"]
[BlackElo "1913"]
[PlyCount "72"]
[EventDate "2018.??.??"]
[EventType "team-tourn"]
[EventRounds "9"]
[EventCountry "GER"]
[WhiteTeam "Graal-Mueritz"]
[BlackTeam "SF Schwerin II"]
[WhiteTeamCountry "GER"]
[BlackTeamCountry "GER"]

1. c4 e6 2. g3 d5 3. Bg2 Nf6 4. Nf3 Be7 5. O-O O-O 6. d3 c5 7. Nc3 Nc6 8. Bf4
Nh5 9. Bd2 d4 10. Nb5 a6 11. Na3 f5 12. Qc1 e5 13. Bg5 h6 14. Bxe7 Qxe7 15. Nc2
Be6 16. b3 Rad8 17. Nh4 Kh7 18. e4 f4 19. Nf5 Qg5 20. Ne1 g6 21. Nh4 fxg3 22.
hxg3 Qxc1 23. Rxc1 Rf6 24. Kh2 Rdf8 25. Rc2 Ng7 26. Bh3 Bxh3 27. Kxh3 g5 28.
Nhg2 Ne6 29. f3 h5 30. Kh2 Ne7 31. Rcf2 Ng6 32. a3 g4 33. f4 exf4 34. gxf4
Nexf4 35. b4 h4 36. Kg1 Nh3+ 0-1

[Event "VL18/19"]
[Site "Mecklenburg-Vorpommern"]
[Date "2018.12.16"]
[Round "4.8"]
[White "Dittrich, Carsten"]
[Black "Perlick, Eberhard"]
[Result "1-0"]
[WhiteElo "1824"]
[BlackElo "1871"]
[PlyCount "73"]
[EventDate "2018.??.??"]
[EventType "team-tourn"]
[EventRounds "9"]
[EventCountry "GER"]
[WhiteTeam "SF Schwerin II"]
[BlackTeam "Graal-Mueritz"]
[WhiteTeamCountry "GER"]
[BlackTeamCountry "GER"]

1. e4 e6 2. d4 d5 3. Nd2 Nc6 4. c3 e5 5. exd5 Qxd5 6. Qf3 Qxf3 7. Ngxf3 exd4 8.
Nxd4 Nxd4 9. cxd4 Be6 10. Bc4 Bxc4 11. Nxc4 Bb4+ 12. Bd2 Bxd2+ 13. Nxd2 Nf6 14.
O-O O-O 15. Rfd1 Rfe8 16. Kf1 Kf8 17. Re1 Rxe1+ 18. Rxe1 Re8 19. Rxe8+ Kxe8 20.
Ke2 Kd7 21. h3 b6 22. a3 a5 23. Kd3 h6 24. Nc4 Ke6 25. g3 Ne8 26. f4 f6 27. Ne3
Nd6 28. g4 g6 29. d5+ Kd7 30. a4 Nb7 31. Nc4 Nc5+ 32. Kd4 Nxa4 33. h4 Ke7 34.
g5 hxg5 35. hxg5 fxg5 36. fxg5 Nc5 37. Ne5 1-0

[Event "VL18/19"]
[Site "Mecklenburg-Vorpommern"]
[Date "2018.12.16"]
[Round "4.1"]
[White "Mangold, Thomas"]
[Black "Stutz, Reno"]
[Result "1-0"]
[WhiteElo "2055"]
[BlackElo "1956"]
[PlyCount "61"]
[EventDate "2018.??.??"]
[EventType "team-tourn"]
[EventRounds "9"]
[EventCountry "GER"]
[WhiteTeam "SSC Rostock"]
[BlackTeam "Gruen-Weiss Wismar"]
[WhiteTeamCountry "GER"]
[BlackTeamCountry "GER"]

1. c4 Nf6 2. d4 e6 3. Nc3 d5 4. cxd5 exd5 5. Bg5 Be7 6. e3 c6 7. Bd3 Bg4 8.
Nge2 Nbd7 9. O-O Bh5 10. Bh4 Bg6 11. f3 Ng4 12. Bf2 Nxf2 13. Rxf2 Nf6 14. Ng3
Qd7 15. Qc2 Bxd3 16. Qxd3 g6 17. Rd1 O-O 18. Re2 Bd6 19. e4 Bxg3 20. hxg3 dxe4
21. Nxe4 Nxe4 22. Rxe4 Rad8 23. Qc4 Rfe8 24. Rde1 Rxe4 25. Rxe4 Qd5 26. Qa4 a6
27. Qb4 Rd7 28. Re8+ Kg7 29. Qf8+ Kf6 30. Qh8+ Kg5 31. Re5+ 1-0

[Event "VL18/19"]
[Site "Mecklenburg-Vorpommern"]
[Date "2018.12.16"]
[Round "4.2"]
[White "Kliewe, Hans Juergen"]
[Black "Pererva, Viktor"]
[Result "1-0"]
[WhiteElo "2043"]
[BlackElo "2080"]
[PlyCount "151"]
[EventDate "2018.??.??"]
[EventType "team-tourn"]
[EventRounds "9"]
[EventCountry "GER"]
[WhiteTeam "Gruen-Weiss Wismar"]
[BlackTeam "SSC Rostock"]
[WhiteTeamCountry "GER"]
[BlackTeamCountry "GER"]

1. d4 d5 2. Nf3 Nf6 3. Bf4 c5 4. e3 Nc6 5. c3 Qb6 6. Qb3 c4 7. Qc2 Bf5 8. Qc1
Nh5 9. Nbd2 Nxf4 10. exf4 Qc7 11. g3 h6 12. b3 cxb3 13. axb3 Rc8 14. Qb2 e6 15.
Nh4 Bh7 16. Be2 Bd6 17. Nhf3 O-O 18. O-O f6 19. c4 Bb4 20. Rfc1 Qb6 21. Nf1 Be4
22. c5 Qc7 23. N3d2 Bh7 24. Ne3 b6 25. Bg4 Qd7 26. cxb6 axb6 27. Ra4 Bxd2 28.
Qxd2 Na5 29. Ra3 Rxc1+ 30. Qxc1 Rc8 31. Qe1 Bf5 32. Bxf5 exf5 33. Qb1 Rc3 34.
Qxf5 Qxf5 35. Nxf5 Kf7 36. Ra1 Rxb3 37. Re1 Kg6 38. Ne7+ Kh7 39. Nxd5 Rd3 40.
Nxb6 Rxd4 41. Nc8 Nc6 42. Rc1 Nb8 43. Ne7 Rd7 44. Nf5 g6 45. Ne3 Rf7 46. h4 Nd7
47. Rc6 Kg7 48. Rd6 Nf8 49. Kg2 Rd7 50. Ra6 Rf7 51. g4 Rb7 52. Kg3 Rd7 53. Kf3
Rb7 54. f5 g5 55. Kg3 Rd7 56. Rc6 Rd3 57. hxg5 hxg5 58. Kf3 Rd7 59. Ke4 Ra7 60.
Nd5 Rf7 61. Nc7 Nd7 62. Ne6+ Kh7 63. Rc7 Ne5 64. Rxf7+ Nxf7 65. f3 Kg8 66. Kd5
Nh6 67. Kd6 Kf7 68. Nd8+ Kg7 69. Ke6 Ng8 70. Nc6 Nh6 71. Ne7 Nf7 72. Nd5 Ne5
73. Nxf6 Nxf3 74. Ne4 Nh2 75. f6+ Kf8 76. Nxg5 1-0

[Event "VL18/19"]
[Site "Mecklenburg-Vorpommern"]
[Date "2018.12.16"]
[Round "4.4"]
[White "Littke, Helmut"]
[Black "Hodl, Ingolf"]
[Result "1/2-1/2"]
[WhiteElo "1938"]
[BlackElo "1855"]
[PlyCount "112"]
[EventDate "2018.??.??"]
[EventType "team-tourn"]
[EventRounds "9"]
[EventCountry "GER"]
[WhiteTeam "Gruen-Weiss Wismar"]
[BlackTeam "SSC Rostock"]
[WhiteTeamCountry "GER"]
[BlackTeamCountry "GER"]

1. d4 Nf6 2. c4 g6 3. Nc3 Bg7 4. e4 O-O 5. e5 Ne8 6. Nf3 d6 7. Bf4 Nd7 8. Be2
c6 9. O-O Qa5 10. Bg5 f6 11. exf6 Ndxf6 12. Qd2 Bg4 13. Rfe1 Rd8 14. Bd1 Rd7
15. h3 Bxf3 16. Bxf3 e5 17. dxe5 dxe5 18. Qe3 Nd6 19. Bxf6 Bxf6 20. Bg4 Re7 21.
Qd3 Qb4 22. a3 Qc5 23. Re2 e4 24. Nxe4 Nxe4 25. Rxe4 Rxe4 26. Qxe4 Bxb2 27. Rf1
Bd4 28. Qe6+ Kg7 29. Bf3 Rf6 30. Qd7+ Rf7 31. Qe6 Qxa3 32. Qe2 Qc5 33. h4 Qe7
34. Qxe7 Rxe7 35. h5 g5 36. Rd1 c5 37. Rb1 b6 38. g4 Re6 39. Rc1 a5 40. Rc2
Re1+ 41. Kg2 Rb1 42. Ra2 Rb4 43. Bd5 Bb2 44. Bc6 Bd4 45. Bb5 Bb2 46. Kf3 Kf6
47. Ke4 Ke6 48. f4 gxf4 49. Kxf4 Bc1+ 50. Ke4 Rb3 51. Re2 h6 52. Bc6 Rc3 53.
Bb5 Rg3 54. Be8 Kf6 55. Kd5 Re3 56. Rxe3 Bxe3 1/2-1/2